00665nam a2200193Ia 4500952012900000999001700129003000400146005001700150008004100167020001800208040000900226082001800235100005400253245005300307260004800360300000900408650001200417942004200429 00102ddc40708DRAaMESbMEScENGd2019-02-20g495.00l0o822.33 SHA/Mp36874r2019-02-20 00:00:00w2019-02-20yBKzGR14R2 c14770d14770OSt20231227160751.0190216s9999||||xx |||||||||||||| ||und|| a9780199536825 coclc a822.33bSHA/M1 aShakespeare, William,d1564-1616vAdaptations974 4aThe Mery Wives Of Windsor /cWilliam Shakespeare bOxford University Press ,c2008.aNew York: a242p aEnglish cBK2ddch822.33iSHA/Mk822.33mSHA/M